Gerd Knäpper (Record no. 10971)
[ view plain ]
| 000 -CABECERA | |
|---|---|
| campo de control de longitud fija | 01009nam a22002537a 4500 |
| 001 - NÚMERO DE CONTROL | |
| campo de control | BRCA_9349 |
| 003 - IDENTIFICADOR DEL NÚMERO DE CONTROL | |
| campo de control | FranzMayer |
| 005 - FECHA Y HORA DE LA ÚLTIMA TRANSACCIÓN | |
| campo de control | 20230918121532.0 |
| 008 - DATOS DE LONGITUD FIJA--INFORMACIÓN GENERAL | |
| campo de control de longitud fija | 230828b |||||||| |||| 00| 0 eng d |
| 040 ## - FUENTE DE LA CATALOGACIÓN | |
| Centro catalogador/agencia de origen | MFM |
| Lengua de catalogación | esp |
| Centro/agencia transcriptor | MFM |
| 050 #0 - SIGNATURA TOPOGRÁFICA DE LA BIBLIOTECA DEL CONGRESO | |
| Número de clasificación | NK1390.K53 |
| Número de documento/Ítem | .T37 2004 |
| 110 1# - ENTRADA PRINCIPAL--NOMBRE DE ENTIDAD CORPORATIVA | |
| Código de función/relación | Responsable |
| Nombre de entidad corporativa o nombre de jurisdicción como elemento de entrada | Tarosaka Studios |
| 9 (RLIN) | 29271 |
| 240 ## - TÍTULO UNIFORME | |
| Título uniforme | Gerd Knäpper |
| Medio | Keramik und bronze entstanden im feuer |
| Lenguaje de la obra | Alemán |
| 245 0# - MENCIÓN DE TÍTULO | |
| Título | Gerd Knäpper |
| Resto del título | Keramik und bronze entstanden im feuer |
| 260 ## - PUBLICACIÓN, DISTRIBUCIÓN, ETC. | |
| Lugar de publicación, distribución, etc. | Münsterschwarzach, Alemania |
| Nombre del editor, distribuidor, etc. | Benedict Press |
| Fecha de publicación, distribución, etc. | 2004 |
| 300 ## - DESCRIPCIÓN FÍSICA | |
| Extensión | 103 p |
| Otras características físicas | Ilustraciones a color |
| Dimensiones | 30 cm |
| 500 ## - NOTA GENERAL | |
| Nota general | Anexo 1 |
| 500 ## - NOTA GENERAL | |
| Nota general | El libro no cuenta con ISBN |
| 500 ## - NOTA GENERAL | |
| Nota general | El libro contiene una hoja dedicatoria colocada al inicio, la misma esta doblada |
| 505 ## - NOTA DE CONTENIDO CON FORMATO | |
| Nota de contenido con formato | Texto: alemánDirigido a: aristas, diseñadores graficaos o cualquier otro tipo de diseñador |
| 650 1# - PUNTO DE ACCESO ADICIONAL DE MATERIA--TÉRMINO DE MATERIA | |
| Fuente del encabezamiento o término | Diseño |
| Término de materia o nombre geográfico como elemento de entrada | Historia |
| Subdivisión de forma | Siglo XX |
| 9 (RLIN) | 29272 |
| 651 2# - PUNTO DE ACCESO ADICIONAL DE MATERIA--NOMBRE GEOGRÁFICO | |
| Fuente del encabezamiento o término | Diseñadores europeos |
| Nombre geográfico | Diseñadores alemanes |
| Subdivisión de forma | Gerd Knäpper |
| 9 (RLIN) | 29273 |
| 942 ## - ELEMENTOS DE PUNTO DE ACCESO ADICIONAL (KOHA) | |
| Fuente del sistema de clasificación o colocación | Library of Congress Classification |
| Tipo de ítem Koha | Libros |
| Estado de retiro | Estado de pérdida | Fuente del sistema de clasificación o colocación | Estado dañado | No para préstamo | Código de colección | Localización permanente | Ubicación/localización actual | Fecha de adquisición | Total de préstamos | Signatura topográfica completa | Código de barras | Fecha visto por última vez | Precio válido a partir de | Tipo de ítem Koha |
|---|---|---|---|---|---|---|---|---|---|---|---|---|---|---|
| El ejemplar forma parte de la colección y puede ser consultado según las políticas vigentes. | Library of Congress Classification | Fondo Contemporáneo | Biblioteca del Museo Franz Mayer (Rogerio Casas-Alatriste) | Biblioteca del Museo Franz Mayer (Rogerio Casas-Alatriste) | 28/08/2023 | NK1390.K53 .T37 2004 | CONT10105 | 28/08/2023 | 28/08/2023 | Libros |